000
00330nam a2200133Ia 4500
008
210210b1981 xxu||||| |||| 00| 0 eng d
082
_a
321.8 KHAM
100
_a
KHANNA (V N).
245
_a
Major political systems.
260
_a
ND
_b
R Chand & Co.
_c
1981
300
_a
vi,79,2...
690
_a
Modern Governments
906
_a
036338
999
_c
86857
_d
86857